| 000 | 00493nam a22001577a 4500 | ||
|---|---|---|---|
| 020 | _a8181891996 | ||
| 050 |
_aSB320 _b.S45 |
||
| 100 | _aSingh, D.K. | ||
| 245 |
_aModern vegetable varieties and production technology / _cD.K. Singh |
||
| 250 | _a1st ed. | ||
| 260 |
_aLucknow, India : _bInternational Book Distributing Co., _cc2007. |
||
| 300 | _avii, 393 p. | ||
| 500 | _aIncludes index | ||
| 650 |
_bVegetable -- Technological innovations ; _bVegetables -- Varieties ; _bIndia |
||
| 942 | _cGEN | ||
| 999 |
_c1496 _d1496 |
||